ইমাম তাহাভী (র.) : (Record no. 40603)
[ view plain ]
| 000 -LEADER | |
|---|---|
| fixed length control field | 01033nam a2200241 a 4500 |
| 001 - CONTROL NUMBER | |
| control field | 40603 |
| 003 - CONTROL NUMBER IDENTIFIER | |
| rucl marc code | BD-RjUL |
| 005 - DATE AND TIME OF LATEST TRANSACTION | |
| control field | 20211209053241.0 |
| 008 - FIXED-LENGTH DATA ELEMENTS--GENERAL INFORMATION | |
| fixed length control field | 160504s1998 bg ||||| b||| 00| 0 eng d |
| 020 ## - INTERNATIONAL STANDARD BOOK NUMBER | |
| International Standard Book Number | 9840604333 |
| Terms of availability | : Tk. 72.00 |
| 035 ## - SYSTEM CONTROL NUMBER | |
| System control number | (BD-RjUL)40718 |
| 040 ## - CATALOGING SOURCE | |
| Original cataloging agency | BD-RjUL |
| Language of cataloging | ben |
| Transcribing agency | BD-RjUL |
| 041 ## - LANGUAGE CODE | |
| Language code of text/sound track or separate title | ben |
| 082 ## - DEWEY DECIMAL CLASSIFICATION NUMBER | |
| Edition number | 23 |
| Classification number | 297.61 |
| Author mark and year | SAI 1998 |
| 100 ## - MAIN ENTRY--PERSONAL NAME | |
| Personal name | শফিকুল্লাহ্, মুহাম্মদ |
| 9 (RLIN) | 124762 |
| 245 10 - TITLE STATEMENT | |
| Title | ইমাম তাহাভী (র.) : |
| Remainder of title | জীবন ও কর্ম / |
| Statement of responsibility, etc. | মুহাম্মদ শফিকুল্লাহ্ |
| 260 ## - PUBLICATION, DISTRIBUTION, ETC. (IMPRINT) | |
| Place of publication, distribution, etc. | ঢাকা : |
| Name of publisher, distributor, etc. | ইসলামিক ফাউন্ডেশন বাংলাদেশ, |
| Date of publication, distribution, etc. | ১৯৯৮ |
| 300 ## - PHYSICAL DESCRIPTION | |
| Pagination | [১৬], ৩৪২ পৃ. ; |
| Size | ২০ সেমি. |
| 504 ## - BIBLIOGRAPHY, ETC. NOTE | |
| Bibliography, etc | গ্রন্থপঞ্জি ও পরিশিষ্ট সংযুক্ত |
| 650 ## - SUBJECT ADDED ENTRY--TOPICAL TERM | |
| Topical term or geographic name as entry element | ইসলামী নেতা ও তাদের কর্ম |
| 9 (RLIN) | 124960 |
| Topical term or geographic name as entry element | Islamic leader and thier work |
| 9 (RLIN) | 124961 |
| 942 ## - ADDED ENTRY ELEMENTS (KOHA) | |
| Source of classification or shelving scheme | Dewey Decimal Classification |
| Koha item type | Books |
| Lost status | Source of classification or shelving scheme | Damaged status | Not for loan | Collection code | Permanent Location | Current Location | Shelving location | Date acquired | Source of acquisition | Cost, normal purchase price | Total Checkouts | Full call number | Date last seen | Copy number | Koha item type |
|---|---|---|---|---|---|---|---|---|---|---|---|---|---|---|---|
| Dewey Decimal Classification | Non-fiction | Central Library, University of Rajshahi | Central Library, University of Rajshahi | 27/01/2001 | Islamic studies Dept. RU | 72.00 | B 297.61 SAI 1998 | 04/05/2016 | C-2 | Books | |||||
| Dewey Decimal Classification | Non-fiction | Central Library, University of Rajshahi | Central Library, University of Rajshahi | 27/01/2001 | Islamic studies Dept. RU | 72.00 | B 297.61 SAI 1998 | 04/05/2016 | C-3 | Books | |||||
| Dewey Decimal Classification | Non-fiction | Central Library, University of Rajshahi | Central Library, University of Rajshahi | 27/01/2001 | Islamic studies Dept. RU | 72.00 | B 297.61 SAI 1998 | 04/05/2016 | C-4 | Books | |||||
| Dewey Decimal Classification | Non-fiction | Central Library, University of Rajshahi | Central Library, University of Rajshahi | 27/01/2001 | Islamic studies Dept. RU | 72.00 | B 297.61 SAI 1998 | 04/05/2016 | C-5 | Books | |||||
| Dewey Decimal Classification | Non-fiction | Central Library, University of Rajshahi | Central Library, University of Rajshahi | 27/01/2001 | Islamic studies Dept. RU | 72.00 | B 297.61 SAI 1998 | 04/05/2016 | C-6 | Books | |||||
| Dewey Decimal Classification | Non-fiction | Central Library, University of Rajshahi | Central Library, University of Rajshahi | 27/01/2001 | Islamic studies Dept. RU | 72.00 | B 297.61 SAI 1998 | 04/05/2016 | C-7 | Books | |||||
| Dewey Decimal Classification | Non-fiction | Central Library, University of Rajshahi | Central Library, University of Rajshahi | 27/01/2001 | Islamic studies Dept. RU | 72.00 | B 297.61 SAI 1998 | 28/11/2016 | C-8 | Books | |||||
| Dewey Decimal Classification | Non-fiction | Central Library, University of Rajshahi | Central Library, University of Rajshahi | 27/01/2001 | Islamic studies Dept. RU | 72.00 | B 297.61 SAI 1998 | 05/12/2016 | C-9 | Books |